00523nam a2200169Ia 4500003000900000008004100009040001600050080001900066100001900085245008000104260003800184300001500222490005700237650002500294650001900319650001500338IN-BaIIA211028s9999 xx 000 0 eng d cIIA Library a621.382.3bSIM aSimpson, J. H. 0aPhysical principles and applications of junction transistorscJ. H. Simpson aOxfordbThe Clarendon Pressc1962 axiv, 519p. aMonographs on the physics and chemistry of materials aJunction transistors aNASA Thesaurus aThyristors